|
|
|
|
| LEADER |
00000naa2a2200000 4500 |
| 001 |
632612 |
| 005 |
20240208095223.0 |
| 035 |
|
|
|a (RuTPU)RU\TPU\conf\34333
|
| 035 |
|
|
|a RU\TPU\conf\34330
|
| 090 |
|
|
|a 632612
|
| 100 |
|
|
|a 20210226d2020 k y0rusy50 ca
|
| 101 |
0 |
|
|a rus
|
| 102 |
|
|
|a RU
|
| 105 |
|
|
|a y z 101zy
|
| 135 |
|
|
|a drcn ---uucaa
|
| 181 |
|
0 |
|a i
|
| 182 |
|
0 |
|a b
|
| 200 |
1 |
|
|a Автоматизация расчета коэффициентов долевого участия электростанций для настройки системы автоматического регулирования частоты и мощности
|d Online estimation of power plant participation factors for automatic generation control
|f Е. А. Цыденов, А. В. Прохоров
|
| 203 |
|
|
|a Текст
|c электронный
|
| 300 |
|
|
|a Заглавие с титульного экрана
|
| 320 |
|
|
|a [Библиогр.: с. 88 (3 назв.)]
|
| 330 |
|
|
|a This paper presents an approach for flexibility boosting of automatic generation control system via power plant participation factors estimation in online mode. Currently implemented approach is offline and accounts significantly reduces number of operating conditions which lower the efficiency of AGC because of not considering continuous variation of the state and topology. Therefore, it is necessary to do online estimation to ensure better control performance. Application of developed algorithm allows tuning of automatic generation control system in respect to the characteristics of each power plant (efficiency, production cost, reserves) while avoiding overloading of the adjacent flowgates.
|
| 463 |
|
1 |
|0 (RuTPU)RU\TPU\conf\34302
|t Современные технологии, экономика и образование
|o сборник материалов II Всероссийской научно-методической конференции, г. Томск, 2-4 сентября 2020 г.
|f Национальный исследовательский Томский политехнический университет ; под ред. А. Г. Фефеловой, Е. А. Покровской, И. О. Болотиной [и др.]
|v [С. 87-88]
|d 2020
|
| 510 |
1 |
|
|a Online estimation of power plant participation factors for automatic generation control
|z eng
|
| 610 |
1 |
|
|a электронный ресурс
|
| 610 |
1 |
|
|a труды учёных ТПУ
|
| 610 |
1 |
|
|a автоматизация
|
| 610 |
1 |
|
|a коэффициенты
|
| 610 |
1 |
|
|a долевое участие
|
| 610 |
1 |
|
|a электростанции
|
| 610 |
1 |
|
|a настройки
|
| 610 |
1 |
|
|a системы автоматического регулирования
|
| 610 |
1 |
|
|a частота
|
| 610 |
1 |
|
|a мощность
|
| 610 |
1 |
|
|a АСУ ТП
|
| 700 |
|
1 |
|a Цыденов
|b Е. А.
|c специалист в области электротехники
|c старший лаборант Томского политехнического университета
|f 1996-
|g Евгений Александрович
|3 (RuTPU)RU\TPU\pers\46078
|
| 701 |
|
1 |
|a Прохоров
|b А. В.
|c специалист в области электроэнергетики
|c исполняющий обязанности руководителя, доцент, заместитель директора по учебной работе Томского политехнического университета, кандидат технических наук
|f 1985-
|g Антон Викторович
|3 (RuTPU)RU\TPU\pers\27721
|9 12795
|
| 712 |
0 |
2 |
|a Национальный исследовательский Томский политехнический университет
|b Инженерная школа энергетики
|b Отделение электроэнергетики и электротехники
|3 (RuTPU)RU\TPU\col\23505
|
| 712 |
0 |
2 |
|a Национальный исследовательский Томский политехнический университет
|b Инженерная школа энергетики
|b Организационный отдел
|3 (RuTPU)RU\TPU\col\23585
|
| 801 |
|
2 |
|a RU
|b 63413507
|c 20210305
|g RCR
|
| 856 |
4 |
|
|u http://earchive.tpu.ru/handle/11683/64646
|
| 942 |
|
|
|c BK
|